10 Random U.S. Presidents - Blind Ranking - Statistics

General Stats
  • This quiz has been taken 5,938 times
  • The average score is 5 of 10
Answers on the Map
Answers color-coded by a green-red scale on the quiz's map according to % correct below.
 
Answer Stats
Hint Presidents % Correct
1953-1961 Dwight D. Eisenhower
56%
1789-1797 George Washington
56%
1989-1993 George H.W. Bush
55%
1797-1801 John Adams
55%
1993-2001 Bill Clinton
54%
2017-2021 Donald Trump (first term)
54%
1841 William Henry Harrison
54%
1974-1977 Gerald R. Ford
53%
1945-1953 Harry Truman
53%
1929-1933 Herbert Hoover
53%
1809-1817 James Madison
53%
2021-2025 Joe Biden
53%
1969-1974 Richard Nixon
53%
1923-1929 Calvin Coolidge
52%
1893-1897 Grover Cleveland (second term)
52%
1961-1963 John F. Kennedy
52%
1981-1989 Ronald Reagan
52%
1861-1865 Abraham Lincoln
51%
1825-1829 John Quincy Adams
51%
1885-1889 Grover Cleveland (first term)
50%
1977-1981 Jimmy Carter
50%
1841-1845 John Tyler
49%
1913-1921 Woodrow Wilson
49%
2001-2009 George W. Bush
48%
1877-1881 Rutherford B. Hayes
48%
1921-1923 Warren Harding
48%
1897-1901 William McKinley
48%
1865-1869 Andrew Johnson
47%
1853-1857 Franklin Pierce
47%
1857-1861 James Buchanan
47%
1845-1849 James K. Polk
47%
2009-2017 Barack Obama
46%
2025- Donald Trump (second term)
46%
1963-1969 Lyndon B. Johnson
46%
1901-1909 Theodore Roosevelt
46%
1869-1877 Ulysses S. Grant
46%
1829-1837 Andrew Jackson
45%
1850-1853 Millard Fillmore
45%
1909-1913 William Taft
45%
1837-1841 Martin Van Buren
44%
1889-1893 Benjamin Harrison
43%
1881-1885 Chester A. Arthur
43%
1933-1945 Franklin D. Roosevelt
43%
1817-1825 James Monroe
43%
1801-1809 Thomas Jefferson
43%
1849-1850 Zachary Taylor
43%
1881 James Garfield
38%
No matching quizzes found
Score Distribution
Percent of People with Each Score
Percentile by Number Answered
Your Score History
You have not taken this quiz